书目信息 |
| 题名: |
英汉生物学词汇
|
|
| 作者: | 科学出版社名词室 编 | |
| 分册: | ||
| 出版信息: | 北京 科学出版社 1999.10 |
|
| 页数: | 1606页 | |
| 开本: | 32开 | |
| 丛书名: | ||
| 单 册: | ||
| 中图分类: | Q-61 | |
| 科图分类: | ||
| 主题词: | 生物学 | |
| 电子资源: | ||
| ISBN: | 7-03-005651-5 | |
| 000 | 00538nam0 2200181 45 | |
| 001 | 0009041800 | |
| 005 | 20061124160817.81 | |
| 010 | @a7-03-005651-5@d88.00元 | |
| 100 | @a20000904d1999 km y0chiy0120 ea | |
| 101 | 0 | @achi |
| 200 | 1 | @a英汉生物学词汇@AYing Han Sheng Wu Xue Ci Hui@f科学出版社名词室编@FKe Xue Chu Ban She Ming Ci Shi Bian |
| 210 | @a北京@c科学出版社@d1999.10 | |
| 215 | @a1606页@d32开 | |
| 606 | 0 | @a生物学 |
| 690 | @aQ-61@v3 | |
| 701 | 0 | @a科学出版社名词室@4编 |
| 801 | @aCN@c20061124 | |
| 905 | @b119607-608@dQ-61@eK:126=2@f2 | |
| 英汉生物学词汇/科学出版社名词室编.-北京:科学出版社,1999.10 |
| 1606页;32开 |
| ISBN 7-03-005651-5:88.00元 |
| ● |
| 相关链接 |
|
|
|
正题名:英汉生物学词汇
索取号:Q-61/K:126=2
 
预约/预借
| 序号 | 登录号 | 条形码 | 馆藏地/架位号 | 状态 | 备注 |
| 1 | 119607 | 201196071 | 自科库401/401自科库 24排2列3层/ [索取号:Q-61/K:126=2] | 在馆 | |
| 2 | 119608 | 201196080 | 自科库401/401自科库 24排2列3层/ [索取号:Q-61/K:126=2] | 在馆 | |
| 3 | 615258 | 206152580 | 自科库401/401自科库 24排2列3层/ [索取号:Q-61/K:126=2] | 在馆 |